Ekologický management.

Ochrana životného prostredia môže byť pre podniky strategickou výhodou v konkurenčnom boji. Príklad ekologického manažmentu. Všetky aktivity na ochranu životného prostredia sa musia spojiť do ucelenej a vhodnej sústavy pravidiel ekologických riešení a zamerať sa strategicky.

Salvato in:
Dettagli Bibliografici
Natura: Capitolo di libro
Lingua:ceco
Soggetti:
Tags: Aggiungi Tag
Nessun Tag, puoi essere il primo ad aggiungerne!!

MARC

LEADER 00000naa a2200000 4500
001 r011795
005 20220826094802.3
041 0 |a cze 
044 |a [CS] 
245 1 0 |a Ekologický management. 
520 |a Ochrana životného prostredia môže byť pre podniky strategickou výhodou v konkurenčnom boji. Príklad ekologického manažmentu. Všetky aktivity na ochranu životného prostredia sa musia spojiť do ucelenej a vhodnej sústavy pravidiel ekologických riešení a zamerať sa strategicky. 
610 2 0 |a manažment 
610 2 0 |a ekológia 
610 2 0 |a konkurencieschopnosť 
610 2 0 |a stratégia podniková 
610 2 0 |a ochrana prostredia životného